000 00272 a2200097 4500
020 _a9788198754967
100 _aKottayam Pushpanath
245 _aComputer girl(കമ്പ്യൂട്ടർ ഗേൾ)
260 _bKottayam Pushpanath publications
_c2025
942 _cOO
999 _c115751
_d115750